Appropriately Indian : (Record no. 95131)

MARC details
000 -LEADER
fixed length control field 01202nam a22002417a 4500
005 - DATE AND TIME OF LATEST TRANSACTION
control field 20150812113457.0
010 ## - LCCN (DPL NO)
LC control number ENG-113573
020 ## - INTERNATIONAL STANDARD BOOK NUMBER
International Standard Book Number 9788125045137
Terms of availability 495.00
035 ## - SYSTEM CONTROL NUMBER
System control number EN- 97105
037 ## - SOURCE OF ACQUISITION
Source of stock number/acquisition DBAD/PUB
082 ## - DEWEY DECIMAL CLASSIFICATION NUMBER
Classification number 305.5530954
100 ## - MAIN ENTRY--PERSONAL NAME
Personal name Radhakrishnan, Smitha
245 ## - TITLE STATEMENT
Title Appropriately Indian :
Statement of responsibility, etc by Smitha Radhakrishnan
Remainder of title gender and culture in a new transnational class /
260 ## - PUBLICATION, DISTRIBUTION, ETC. (IMPRINT)
Place of publication, distribution, etc New Delhi
Name of publisher, distributor, etc Orient Blackswan
Date of publication, distribution, etc 2012
270 ## - ADDRESS
Address 1/24, Asaf Ali Road
City New Delhi
Postal code 110002
300 ## - PHYSICAL DESCRIPTION
Extent xi,239p. :
Dimensions 23cm(pbk)
Other physical details ill.
500 ## - GENERAL NOTE
General note Includes bibliographical references and index
505 ## - FORMATTED CONTENTS NOTE
Formatted contents note Privilege : situating India’s transnational class -- Global/Indian : cultural politics in the IT workplace -- Merit : ideologies of achievement in the knowledge economy -- Individuals : narratives of embedded selves -- Family : gendered "balance" and the everyday production of the nation -- Religion : when the private is transnational.
650 ## - SUBJECT ADDED ENTRY--TOPICAL TERM
Topical term or geographic name as entry element Information technology
General subdivision Economic aspects
Geographic subdivision India.
650 ## - SUBJECT ADDED ENTRY--TOPICAL TERM
Topical term or geographic name as entry element Information technology
General subdivision Social aspects
Geographic subdivision India.
650 ## - SUBJECT ADDED ENTRY--TOPICAL TERM
Topical term or geographic name as entry element Globalization
General subdivision Social aspects
Geographic subdivision India.
942 ## - ADDED ENTRY ELEMENTS (KOHA)
Source of classification or shelving scheme Dewey Decimal Classification
Item type English Books
Call number suffix RAD
Classification part 305.5530954
Holdings
Withdrawn status Lost status Not for loan Collection code Home library Current library Date acquired Source of acquisition Cost, normal purchase price Full call number Barcode Copy number Cost, replacement price Koha item type
    Not For Loan Non-fiction D.B.Act.Division D.B.Act.Division 21/07/2015 DBAD/PUB 495.00 305.5530954 RAD EN-97105 1 495.00 English Books

© Delhi Public Library
Hit Counter
free hit counter